Udržateľný rozvoj ako súčasť marketingového vzdelávania

Spôsoby integrácie tém trvalo udržateľného rozvoja do študijných osnov vo vzdelávaní so špecializáciou na obchod a marketing. Bariéry, ktoré môžu brzdiť postup integrácie a predpoklady úspechu v oblasti marketingu.

Salvato in:
Dettagli Bibliografici
Autore principale: Vasiľová, Mária, 1985-
Natura: Capitolo di libro
Lingua:slovacco
Soggetti:
Tags: Aggiungi Tag
Nessun Tag, puoi essere il primo ad aggiungerne!!

MARC

LEADER 00000nla a2200000 4500
001 0180433
005 20240521080551.7
041 0 |a slo 
044 |a SK 
245 1 0 |a Udržateľný rozvoj ako súčasť marketingového vzdelávania  |c Mária Vasiľová 
520 |a Spôsoby integrácie tém trvalo udržateľného rozvoja do študijných osnov vo vzdelávaní so špecializáciou na obchod a marketing. Bariéry, ktoré môžu brzdiť postup integrácie a predpoklady úspechu v oblasti marketingu. 
610 2 0 |a ochrana prostredia životného 
610 2 0 |a ekonomika environmentálna 
610 2 0 |a rozvoj trvalo udržateľný 
610 2 0 |a marketing manažment 
610 2 0 |a vzdelávanie 
100 1 |a Vasiľová, Mária, 1985-